00350nam a2200157Ia 4500008004000000041000800040082001300048100001500061245003400076260003200110650001200142650001200154650000700166650001100173650000800184210210b1819 xxu||||| |||| 00| 0 eng d aeng a822/1054 aRUSKLN (J) aSeasame and lilies: Brodie Ed aLondonbNot Mentionedc1819 aSeasame alilies: aEd aBrodie aand